000 00744nam a2200265Ia 4500
003 OSt
005 20220926020124.0
006 a|||||r|||| 00| 0
007 ta
008 220923b |||||||| |||| 00| 0 eng d
020 _a030804507
037 _cGeneral Book
040 _aRTL
_cRTL
_beng
041 _2eng
_aeng
082 _aS:7, L0
100 _aBales Robert Freed
_9298494
245 0 _aPersonality and interpersonal behavior
260 _aNew York
_bRinehart and Winston
_c1970
300 _axiv,561p
_ccm.
500 _aBibliography: P 532-42; Appendix: P 389-531
650 _a Psychology
650 _aPersonality
_933018
942 _hS:7, L0
_cGB
_2CC
999 _c633323
_d633323